<?xml version="1.0" encoding="UTF-8"?>
<record
    xmlns:xsi="http://www.w3.org/2001/XMLSchema-instance"
    xsi:schemaLocation="http://www.loc.gov/MARC21/slim http://www.loc.gov/standards/marcxml/schema/MARC21slim.xsd"
    xmlns="http://www.loc.gov/MARC21/slim">

  <leader>01776nam a22002057a 4500</leader>
  <controlfield tag="005">20251027184012.0</controlfield>
  <controlfield tag="008">230302b           ||||| |||| 00| 0 eng d</controlfield>
  <datafield tag="020" ind1=" " ind2=" ">
    <subfield code="a">9788132239154</subfield>
  </datafield>
  <datafield tag="040" ind1=" " ind2=" ">
    <subfield code="c">AL</subfield>
  </datafield>
  <datafield tag="041" ind1=" " ind2=" ">
    <subfield code="a">English</subfield>
  </datafield>
  <datafield tag="082" ind1=" " ind2=" ">
    <subfield code="a">351</subfield>
    <subfield code="b">KARP</subfield>
  </datafield>
  <datafield tag="100" ind1=" " ind2=" ">
    <subfield code="a">Gayithri Karnam</subfield>
    <subfield code="9">73869</subfield>
  </datafield>
  <datafield tag="245" ind1=" " ind2=" ">
    <subfield code="a">Public Budgeting in India</subfield>
    <subfield code="b">: Principles and Practices</subfield>
  </datafield>
  <datafield tag="260" ind1=" " ind2=" ">
    <subfield code="a">New Delhi</subfield>
    <subfield code="b">Springer</subfield>
    <subfield code="c">2018</subfield>
  </datafield>
  <datafield tag="300" ind1=" " ind2=" ">
    <subfield code="a">xxvii,220p.</subfield>
    <subfield code="b">HB</subfield>
    <subfield code="c">23x15cm.</subfield>
  </datafield>
  <datafield tag="365" ind1=" " ind2=" ">
    <subfield code="2">General</subfield>
    <subfield code="a">VBI-1745</subfield>
    <subfield code="b">&#x20B9;4144.00</subfield>
    <subfield code="c">&#x20B9;</subfield>
    <subfield code="d">&#x20B9;5525.00</subfield>
    <subfield code="e">25%</subfield>
    <subfield code="f">21/02/2023</subfield>
  </datafield>
  <datafield tag="520" ind1=" " ind2=" ">
    <subfield code="a">This book explores public budgeting in India. As government finances play an important role in the social and economic development of a nation, it focuses on public budgeting in the context of India.  The respective chapters not only discuss the underlying principles of budgeting, but also address the practical issues related to the government&#x2019;s financial operations and their macro-economic implications. Recently there has been considerable debate surrounding the size of government, with the neo-liberal framework advocating a very limited governmental role.This book provides comprehensive information on the practical aspects of public budgeting with regard to how governments raise revenues, how they are spent, the nature of public services provided, and their implications for the social and economic development of the country against the backdrop of public budgeting theory. The topics covered include the constitutional fiscal framework; theories, structure and issues related to budgets; mechanisms of budget construction, budget execution, public budgeting and performance assessment; government accounting; and financial accountability.</subfield>
  </datafield>
  <datafield tag="650" ind1=" " ind2=" ">
    <subfield code="2">Public administration </subfield>
    <subfield code="a">Public administration </subfield>
    <subfield code="9">75162</subfield>
  </datafield>
  <datafield tag="942" ind1=" " ind2=" ">
    <subfield code="2">ddc</subfield>
    <subfield code="c">BK</subfield>
  </datafield>
  <datafield tag="999" ind1=" " ind2=" ">
    <subfield code="c">226872</subfield>
    <subfield code="d">226872</subfield>
  </datafield>
  <datafield tag="952" ind1=" " ind2=" ">
    <subfield code="0">0</subfield>
    <subfield code="1">0</subfield>
    <subfield code="2">ddc</subfield>
    <subfield code="4">0</subfield>
    <subfield code="7">0</subfield>
    <subfield code="8">ECO</subfield>
    <subfield code="a">SACPG</subfield>
    <subfield code="b">SACPG</subfield>
    <subfield code="d">2023-02-28</subfield>
    <subfield code="e">Vidyarthi Boooks</subfield>
    <subfield code="g">4144.00</subfield>
    <subfield code="l">0</subfield>
    <subfield code="o">351 KARP</subfield>
    <subfield code="p">PG024237</subfield>
    <subfield code="r">2023-03-02 00:00:00</subfield>
    <subfield code="v">5525.00</subfield>
    <subfield code="w">2023-03-02</subfield>
    <subfield code="y">BK</subfield>
  </datafield>
</record>
